| 000 | 00946nab a2200253 u 4500 | ||
|---|---|---|---|
| 001 | 09750 | ||
| 003 | HDC | ||
| 007 | cr bn ---aaaaa | ||
| 008 | 210202b20132013my d||ne |||| 00| 0 may d | ||
| 040 | _aHDC | ||
| 110 | _aUtusan Malaysia | ||
| 245 | 0 |
_a40 tahun SIRIM melakar kejayaan: _bmeneraju bidang kajian dan penciptaan produk berasaskan teknologi _c/ Fazrina Ayu Raduian |
|
| 260 |
_aMalaysia: _bMedia Mulia, _c2013 |
||
| 300 | _a1 online resource | ||
| 336 |
_atext _2rdacontent |
||
| 337 |
_acomputer _2rdamedia |
||
| 338 |
_aonline resource _2rdacarrier |
||
| 610 |
_aInstitiut Piawaian dan Penyelidikan Perindustrian Malaysia _99969 |
||
| 650 |
_aResearch, Industrial _zMalaysia _99970 |
||
| 700 |
_aFazrina Ayu Raduian _99263 |
||
| 856 | _zRequest full-text at [email protected] | ||
| 942 | _2lcc | ||
| 942 | _cNEWS | ||
| 999 |
_c7073 _d7073 |
||